Crush India or Pakistan death wish / (Record no. 129705)

MARC details
000 -LEADER
fixed length control field 00708nam a22002297a 4500
005 - DATE AND TIME OF LATEST TRANSACTION
control field 20170124110101.0
010 ## - LIBRARY OF CONGRESS CONTROL NUMBER
LC control number 666133
020 ## - INTERNATIONAL STANDARD BOOK NUMBER
Terms of availability 25.00
035 ## - SYSTEM CONTROL NUMBER
System control number 666133
037 ## - SOURCE OF ACQUISITION
Source of stock number/acquisition Cen Lib/Ret
040 ## - CATALOGING SOURCE
Original cataloging agency DPL
Language of cataloging EN
082 ## - DEWEY DECIMAL CLASSIFICATION NUMBER
Classification number 954.09
Item number BHA
100 ## - MAIN ENTRY--PERSONAL NAME
Personal name Bhargava, G.S.
9 (RLIN) 7100
245 ## - TITLE STATEMENT
Title Crush India or Pakistan death wish /
Statement of responsibility, etc by G.S. Bhargava
260 ## - PUBLICATION, DISTRIBUTION, ETC. (IMPRINT)
Place of publication, distribution, etc Delhi
Name of publisher, distributor, etc India school supply depot
Date of publication, distribution, etc 1972
270 ## - ADDRESS
City Delhi
Postal code 110006
Address 3762, Netaji Subhash road
300 ## - PHYSICAL DESCRIPTION
Extent 236p.:
Dimensions 20cm(Hb)
Other physical details ill.
500 ## - GENERAL NOTE
General note Includes index
650 ## - SUBJECT ADDED ENTRY--TOPICAL TERM
Topical term or geographic name as entry element India-Pakistan Conflict--(1971)
9 (RLIN) 27701
650 ## - SUBJECT ADDED ENTRY--TOPICAL TERM
Topical term or geographic name as entry element Political science--Citizen participation
9 (RLIN) 73819
942 ## - ADDED ENTRY ELEMENTS (KOHA)
Source of classification or shelving scheme Dewey Decimal Classification
Koha item type English Books
Classification part 954.09
Call number suffix BHA
Holdings
Withdrawn status Lost status Damaged status Not for loan Home library Current library Date acquired Source of acquisition Cost, normal purchase price Total Checkouts Full call number Barcode Date last seen Copy number Cost, replacement price Price effective from Koha item type Public note
Written off       Central Library Central Library 07/07/2015 Cen Lib/Ret 0.00   954.09 BHA 666133 07/07/2015 1 0.00 07/07/2015 English Books Written off on approval by DLB (By Circulation); dtd 15-06-2023

© Delhi Public Library
Hit Counter
free hit counter